Select documents on partition of Punjab 1947 (Record no. 6537)

MARC details
000 -LEADER
fixed length control field 00945 a2200217 4500
005 - DATE AND TIME OF LATEST TRANSACTION
control field 20080829130228.0
008 - FIXED-LENGTH DATA ELEMENTS--GENERAL INFORMATION
fixed length control field 080829t xxu||||| |||| 00| 0 eng d
010 ## - LIBRARY OF CONGRESS CONTROL NUMBER
LC control number ENG-87429
020 ## - INTERNATIONAL STANDARD BOOK NUMBER
International Standard Book Number 8171164455
Terms of availability 995.00
035 ## - SYSTEM CONTROL NUMBER
System control number EN-70962
037 ## - SOURCE OF ACQUISITION
Source of stock number/acquisition DBAD / PUB
082 ## - DEWEY DECIMAL CLASSIFICATION NUMBER
Classification number 954.0842
245 ## - TITLE STATEMENT
Title Select documents on partition of Punjab 1947
Remainder of title India and Pakistan Punjab, Haryana and Himachal India and Punjab-Pakistan
Statement of responsibility, etc edited by Kirpal Singh
260 ## - PUBLICATION, DISTRIBUTION, ETC. (IMPRINT)
Place of publication, distribution, etc Delhi
Name of publisher, distributor, etc National Book Shop
Date of publication, distribution, etc 2006
270 ## - ADDRESS
Address Pleasure garden market, Chandni chowk, Delhi- 110 006
Postal code 110 006
300 ## - PHYSICAL DESCRIPTION
Extent Lxxxvi, 791 p.
Dimensions 23 cm (Hb.)
500 ## - GENERAL NOTE
General note Includes bibliograpgical references and index
700 ## - ADDED ENTRY--PERSONAL NAME
Personal name edited by Singh, Kirpal
942 ## - ADDED ENTRY ELEMENTS (KOHA)
Institution code [OBSOLETE] dpl
Koha item type English Books
Call number prefix 954.0842/SEL
Source of classification or shelving scheme Dewey Decimal Classification
Classification part 954.0842
Call number suffix SEL
Holdings
Withdrawn status Lost status Damaged status Not for loan Home library Current library Date acquired Cost, normal purchase price Total Checkouts Full call number Barcode Date last seen Copy number Uniform Resource Identifier Cost, replacement price Price effective from Koha item type
        D.B.Act.Division D.B.Act.Division 29/08/2008 995.00   954.0842 SEL EN-70962 15/09/2008 1 7030 995.00 15/09/2008 English Books

© Delhi Public Library
Hit Counter
free hit counter